'I' Countries Quiz Stats

 Plays Quiz Updated Apr 3, 2018

Score 0/8 Timer 01:00
15 Plays Today
% Correct
India
85.9%
Iceland
84.4%
Indonesia
83.9%
Ireland
82.9%
Iran
78.6%
Iraq
78.4%
Italy
65.3%
Israel
57.7%

You're not logged in!

Compare scores with friends on all Sporcle quizzes.
OR
Log In

Sporcle TV

Today on Sporcle TV


Watch our educational content, quiz creation guides, and fun videos on Sporcle TV.

Show Comments

Extras

Top Quizzes Today


Score Distribution

Your Account Isn't Verified!

In order to create a playlist on Sporcle, you need to verify the email address you used during registration. Go to your Sporcle Settings to finish the process.

Report this User

Report this user for behavior that violates our Community Guidelines.

Details: